书目信息 |
| 题名: |
工程制图
|
|
| 作者: | 高俊亭 , 毕万全 主编 | |
| 分册: | ||
| 出版信息: | 北京 高等教育出版社 2003 |
|
| 页数: | 266页 | |
| 开本: | 26cm | |
| 丛书名: | ||
| 单 册: | ||
| 中图分类: | TB23 | |
| 科图分类: | ||
| 主题词: | 工程制图 , 工程制图--高等学校--教材 | |
| 电子资源: | ||
| ISBN: | 7-04-011925-0 | |
| 000 | 01000nam0 2200289 450 | |
| 000 | 01006nam0 2200289 450 | |
| 000 | 00939nam0 2200265 450 | |
| 000 | 00903nam0 2200253 45 | |
| 005 | 20070515143941.20 | |
| 010 | @a7-04-011925-0@dCNY20.60 | |
| 100 | @a20070321e20062003em y0chiy0120 ea | |
| 101 | 0 | @achi |
| 102 | @aCN@b110000 | |
| 105 | @ay z 000yy | |
| 200 | 1 | @a工程制图@AGong Cheng Zhi Tu@f高俊亭,毕万全主编@FGao Jun Ting, Bi Wan Quan Zhu Bian |
| 205 | @a2版 | |
| 210 | @a北京@c高等教育出版社@d2003@h2006 | |
| 215 | @a266页@d26cm | |
| 300 | @a普通高等教育“十五”国家级规划教材电气信息、管理科学与工程等类专业适用 | |
| 330 | @a本书介绍了制图基本知识和技能、AutoCAD基础、正投影法基础、轴测投影、组合体、图样画法、标准件及常用件、零件图、装配图等。 | |
| 606 | 0 | @a工程制图 |
| 606 | 0 | @a工程制图@x高等学校@j教材 |
| 690 | @aTB23@v4 | |
| 701 | 0 | @a高俊亭@AGao Jun Ting@4主编 |
| 701 | 0 | @a毕万全@ABi Wan Quan@4主编 |
| 801 | 0 | @aCN@bTAOJIN@c20070515 |
| 905 | @a10447@dTB23@e126 | |
| 工程制图/高俊亭,毕万全主编.-2版.-北京:高等教育出版社,2003(2006) |
| 266页;26cm |
| 普通高等教育“十五”国家级规划教材电气信息、管理科学与工程等类专业适用 |
| ISBN 7-04-011925-0:CNY20.60 |
| 本书介绍了制图基本知识和技能、AutoCAD基础、正投影法基础、轴测投影、组合体、图样画法、标准件及常用件、零件图、装配图等。 |
| ● |
| 相关链接 |
|
|
|
|
正题名:工程制图
索取号:TB23/126
 
预约/预借
| 序号 | 登录号 | 条形码 | 馆藏地/架位号 | 状态 | 备注 |
| 1 | 0520349 | 205203493 | 第二样本阅览室/ [索取号:TB23/126] | 在馆 | |
| 2 | 0520350 | 205203509 | 第三借阅区/ [索取号:TB23/126] | 在馆 | |
| 3 | 0520351 | 205203518 | 第三借阅区/ [索取号:TB23/126] | 在馆 | |
| 4 | 0520352 | 205203527 | 密集书库/ [索取号:TB23/126] | 在馆 | |
| 5 | 0520353 | 205203536 | 第三借阅区/ [索取号:TB23/126] | 在馆 | |
| 6 | 0520354 | 205203545 | 密集书库/ [索取号:TB23/126] | 在馆 | |
| 7 | 0520355 | 205203554 | 密集书库/ [索取号:TB23/126] | 在馆 | |
| 8 | 0520356 | 205203563 | 密集书库/ [索取号:TB23/126] | 在馆 |